书目信息 |
| 题名: |
大国的解体与重生
|
|
| 作者: | 科兹 , 威尔 著 ;曹荣湘 译 | |
| 分册: | ||
| 出版信息: | 北京 中国人民大学出版社 2016 |
|
| 页数: | 322页 | |
| 开本: | 26cm | |
| 丛书名: | ||
| 单 册: | ||
| 中图分类: | D751.221 | |
| 科图分类: | ||
| 主题词: | 政治体制改革--zheng zhi ti zhi gai ge--研究--俄罗斯 | |
| 电子资源: | ||
| ISBN: | 978-7-300-22004-8 | |
| 000 | 01337nam0 22002891 450 | |
| 001 | 0118172359 | |
| 005 | 20170618172359.0 | |
| 010 | @a978-7-300-22004-8@dCNY58.00 | |
| 100 | @a20151130d2016 em y0chiy50 ea | |
| 101 | 1 | @achi@ceng |
| 102 | @aCN@b110000 | |
| 105 | @aa z 000yy | |
| 106 | @ar | |
| 200 | 1 | @a大国的解体与重生@Ada guo de jie ti yu chong sheng@e戈尔巴乔夫&普京@dRussia's path from Gorbachev to Putin@ethe demise of the Soviet system and the new Russia@f(美)大卫·M·科兹(David M. Kotz),(美)弗雷德·威尔(Fred Weir)著@g曹荣湘等译@zeng |
| 210 | @a北京@c中国人民大学出版社@d2016 | |
| 215 | @a322页@c照片@d26cm | |
| 300 | @a人文社科悦读坊 015 | |
| 330 | @a本书聚焦苏联解体、新俄罗斯诞生,内容涵盖了从1917年苏维埃政权的确立,到20世纪90年代苏联解体并走向资本主义,再到21世纪初俄罗斯社会、经济和政治发展呈现重要变化等。 | |
| 510 | 1 | @aRussia's path from Gorbachev to Putin@ethe demise of the Soviet system and the new Russia@zeng |
| 517 | 1 | @a戈尔巴乔夫&普京@Age er ba qiao fu &pu jing |
| 606 | 0 | @a政治体制改革@Azheng zhi ti zhi gai ge@x研究@y俄罗斯 |
| 690 | @aD751.221@v5 | |
| 701 | 0 | @c(美)@a科兹@Ake zi@c(Kotz, David M.)@4著 |
| 701 | 0 | @c(美)@a威尔@Awei er@c(Weir, Fred)@4著 |
| 702 | 0 | @a曹荣湘@Acao rong xiang@f(1969~)@4译 |
| 801 | 0 | @aCN@bTANGWEI@c20170616 |
| 905 | @b1009737-42@dD751.221@e416@f6 | |
| 大国的解体与重生:戈尔巴乔夫&普京=Russia's path from Gorbachev to Putin:the demise of the Soviet system and the new Russia/(美)大卫·M·科兹(David M. Kotz),(美)弗雷德·威尔(Fred Weir)著/曹荣湘等译.-北京:中国人民大学出版社,2016 |
| 322页:照片;26cm |
| 人文社科悦读坊 015 |
| ISBN 978-7-300-22004-8:CNY58.00 |
| 本书聚焦苏联解体、新俄罗斯诞生,内容涵盖了从1917年苏维埃政权的确立,到20世纪90年代苏联解体并走向资本主义,再到21世纪初俄罗斯社会、经济和政治发展呈现重要变化等。 |
| ● |
| 相关链接 |
|
|
|
|
正题名:大国的解体与重生
索取号:D751.221/416
 
预约/预借
| 序号 | 登录号 | 条形码 | 馆藏地/架位号 | 状态 | 备注 |
| 1 | 1009737 | 210097376 | 第一样本阅览室/ [索取号:D751.221/416] | 在馆 | |
| 2 | 1009738 | 210097385 | 教育系资料室/ [索取号:D751.221/416] | 在馆 | |
| 3 | 1009739 | 210097394 | 教育系资料室/ [索取号:D751.221/416] | 在馆 | |
| 4 | 1009740 | 210097401 | 教育系资料室/ [索取号:D751.221/416] | 在馆 | |
| 5 | 1009741 | 210097410 | 第一借阅区/ [索取号:D751.221/416] | 在馆 | |
| 6 | 1009742 | 210097429 | 第一借阅区/ [索取号:D751.221/416] | 在馆 |